000 00722nam a2200229Ia 4500
003 OSt
005 20220923222336.0
006 a|||||r|||| 00| 0
007 ta
008 220922b |||||||| |||| 00| 0 hin d
024 _a204,543
037 _cTextual
040 _aARTS
_cARTS
_bhin
041 _2hin
_ahin
082 _aO157:1M61, 152J7(=)
100 _aठाकुर, रवीन्द्रनाथ; सत्यकाम, अनु.
_9166783
245 0 _aमालाकार
246 _aMālākāra
260 _c1957
942 _hO157:1M61, 152J7(=)
_cTEXL
_2CC
999 _c355291
_d355291